000 00343pab a2200145 454500
008 180718b1999 xxu||||| |||| 00| 0 eng d
100 _aWelsh, Sandy
245 _aGender and sexual harassment
260 _c1999
300 _ap.169-90
650 _aWomen
650 _aSexual abuse
773 _aAnnual Review of Sociology
909 _a42769
999 _c42769
_d42769